Представление документа в формате MARC21

Поле Инд. ПП Название Значение
Тип записи a
Библиографический уровень m
001 Контрольный номер c71c1b4e-454c-4f01-9938-9f100fedd4b2
005 Дата корректировки 20150803153541.4
008 Кодируемые данные 041216
020 c Цена, тираж 100.00
040 a Служба первич. каталог. НБ ТвГУ
041 0_ a Код языка текста rus
080 a Индекс УДК 94(470.317-37Макарьев)
a Индекс УДК 94(47).046
a Индекс УДК 929Михаил Федорович
084 a Индекс другой классификации/Индекс ББК Т3(28Рос-8Кос-2Мак)
a Индекс другой классификации/Индекс ББК Т3(2)45
090 x Авторский знак Б44
a Полочн. индекс Т3(2Рос)
100 1_ a Автор Беляев В. В.
245 00 a Заглавие История города Макарьева на Унже и о пребывании в Макарьевском монастыре царя Михаила Феодоровича
c Ответственность В. В. Беляев
260 0_ a Место издания СПб.
b Издательство И. М. Чумаков
c Дата издания 1907
300 a Объем 326 с.
561 1_ a История (примечание) Из коллекции Тверской ученой архивной комиссии
583 a Действие Получение впервые 446 16.12.2004
k Исполнитель действия Взамен утраченных
650 04 a Основная рубрика Михаил Федорович (царь), о нем
650 04 a Основная рубрика Макарьев, город
x Основная подрубрика История
z Географическая подрубрика Россия
z Географическая подрубрика Костромская область
653 0_ a Ключевые слова История России
a Ключевые слова Михаил Федорович
a Ключевые слова Макарьев, город
a Ключевые слова Костромская губерния
a Ключевые слова Костромская область
a Ключевые слова История Костромской области
a Ключевые слова Персоналии
852 41 t Порядковый номер экземпляра 1
p Инвентарный номер 793963
x Примечание, не предназначенное для пользователя ТУАК
888 a Бесплатные
930 a Новая/Ретро персоналии
952 p 446.2004 100.00 1 793963
c Вид литературы К р
954 a Дата поступления на обработку 20050608
999 a Подразделение 2 ОРК